| 000 | 00839nam a2200241 a 4500 | ||
|---|---|---|---|
| 001 | 2005 | ||
| 003 | CDMR | ||
| 005 | 20131202170136.0 | ||
| 008 | 130130s2001||||||||||||||||||||||||||||d | ||
| 020 | _a8420642460 | ||
| 040 |
_aCDMR _bcat _cCDMR |
||
| 100 | 1 |
_aCastells, Manuel _91496 |
|
| 245 | 1 | 3 |
_aLa era de la información _b: economía, sociedad y cultura _cManuel Castells ; versión castellana de Carmen Martínez Gimeno y Jesús Alborés |
| 250 | _a2a ed. | ||
| 260 |
_aMadrid _c2000 _bAlianza |
||
| 300 | _a3 v. | ||
| 505 | _aConté: 1.- La sociedad red ; 2.- El poder de la identidad ; 3.- Fin de milenio | ||
| 650 | 0 | 4 |
_93156 _aSocietat de la informació |
| 650 | 0 | 4 |
_91465 _aEmpresa informativa |
| 650 | 0 | 4 |
_93364 _aTecnologia de la informació _xAspectes socials |
| 650 | 0 | 4 |
_94423 _aTecnologia i civilització |
| 942 |
_cMON _2udc |
||
| 999 |
_c2005 _d2005 |
||